All DC and Marvel Movies (1966-Present) - Statistics

General Stats
  • This quiz has been taken 153 times
  • The average score is 59 of 129
Answer Stats
Year Movie % Correct
2022 The Batman
89%
1989 Batman
88%
1995 Batman Forever
88%
2008 Iron Man
84%
2011 Thor
83%
2012 The Avengers
82%
2011 Captain America: The First Avenger
81%
2002 Spider-Man
80%
2012 The Amazing Spider-Man
80%
2010 Iron Man 2
79%
2013 Iron Man 3
78%
2003 Hulk
73%
2008 The Incredible Hulk
73%
2019 Avengers: Endgame
72%
2018 Black Panther
72%
2016 Doctor Strange
71%
2004 Spider-Man 2
70%
2008 The Dark Knight
70%
2017 Thor: Ragnarok
70%
2015 Avengers: Age of Ultron
69%
2018 Avengers: Infinity War
69%
2007 Spider-Man 3
69%
2000 | TBD X-Men
68%
2015 Ant-Man
67%
2021 Black Widow
67%
2014 Guardians of the Galaxy
67%
2017 Wonder Woman
66%
2018 Ant-Man and the Wasp
65%
2016 Captain America: Civil War
65%
1997 Batman and Robin
62%
2005 | 2015 | TBD Fantastic Four
62%
2017 Justice League
62%
2013 Thor: The Dark World
62%
2014 Captain America: The Winter Soldier
61%
2019 Spider-Man: Far From Home
61%
2017 Spider-Man: Homecoming
61%
2012 The Dark Knight Rises
60%
2018 Aquaman
59%
2019 Captain Marvel
58%
2017 Guardians of the Galaxy Vol. 2
58%
2005 Batman Begins
57%
2013 Man of Steel
57%
2021 Spider-Man: No Way Home
57%
2021 The Eternals
57%
2013 The Wolverine
57%
2022 Thor: Love and Thunder
57%
1998 | TBD Blade
56%
2016 Deadpool
56%
2022 Black Panther: Wakanda Forever
55%
2018 Deadpool 2
54%
2017 Logan
54%
2016 Suicide Squad
52%
2021 The Suicide Squad
52%
2023 Guardians of the Galaxy Vol. 3
51%
2020 Wonder Woman 1984
51%
1992 Batman Returns
49%
2022 The Flash
49%
2014 X-Men: Days of Future Past
49%
2003 Daredevil
48%
2019 Shazam!
48%
2004 The Punisher
48%
2016 X-Men: Apocalypse
48%
2006 X-Men: The Last Stand
48%
2018 Venom
47%
2014 The Amazing Spider-Man 2
45%
2011 X-Men: First Class
45%
2005 Elektra
44%
2019 Joker
44%
2019 X-Men: Dark Phoenix
44%
2009 X-Men Origins: Wolverine
44%
2007 Fantastic Four: Rise of the Silver Surfer
43%
2007 Ghostrider
43%
2011 Green Lantern
43%
1986 Howard the Duck
43%
1980 Superman II
43%
1983 Superman III
43%
2016 Batman V. Superman: Dawn of Justice
42%
2022 The Marvels
42%
2021 Shang-Chi and the Legend of the Ten Rings
41%
2021 Venom: Let There Be Carnage
41%
2002 Blade II
40%
2006 Superman Returns
40%
2004 Blade: Trinity
39%
1984 | TBD Supergirl
39%
2022 Doctor Strange in the Multiverse of Madness
37%
2023 Ant-Man and the Wasp: Quantumania
36%
2020 Birds of Prey
35%
2004 Catwoman
35%
2018 Spider-Man Into the Spider-Verse
33%
2022 Black Adam
32%
2022 Morbius
29%
2020 The New Mutants
29%
2008 Punisher: War Zone
28%
2010 Watchmen
28%
2003 X-2: X-Men United
27%
2011 Ghostrider: Spirit of Vengeance
26%
1978 Superman: The Movie
25%
2023 Shazam: Fury of the Gods
23%
1966 Batman: The Movie
22%
1997 Steel
21%
2009 Jonah Hex
19%
1987 Superman IV: Quest for Peace
19%
2022 Aquaman and the Lost Kingdom
17%
TBD Joker 2
17%
2023 Kraven the Hunter
17%
2005 Constantine
16%
2021 Zack Snyder's Justice League
15%
2022 Spider-Man Into the Spider-Verse 2
14%
2022 Batgirl
13%
1993 Batman: Mask of the Phantasm
8%
2017 The Lego Batman Movie
7%
TBD Wonder Woman 3
7%
2018 Once Upon a Deadpool
6%
2014 Big Hero Six
5%
2022 Guardians of the Galaxy Holiday Special
5%
TBD Fantastic Four V.S. the X-Men
3%
TBD The Amazons
3%
2018 Teen Titans GO! To the Movies
2%
2022 DC's League of Super-Pets
1%
TBD Justice League Part Three
0%
TBD Justice League Part Two
0%
TBD Man of Steel II
0%
2006 Superman II: The Richard Donnor Cut
0%
2021 Zack Snyder's Justice League in Gray
0%
No matching quizzes found
Score Distribution
Percent of People with Each Score
Percentile by Number Answered
Your Score History
You have not taken this quiz